-
Pappas, Chris H.and Murray, William H.
Entry Personal Name
Number of records used in: 1
001 - CONTROL NUMBER
003 - CONTROL NUMBER IDENTIFIER
005 - DATE AND TIME OF LATEST TRANSACTION
- control field:
20180206105845.0
008 - FIXED-LENGTH DATA ELEMENTS
- fixed length control field:
180206|| aca||aabn | a|a d
040 ## - CATALOGING SOURCE
- Original cataloging agency:
OSt
- Transcribing agency:
OSt
100 ## - HEADING--PERSONAL NAME
- Personal name:
Pappas, Chris H.and Murray, William H.
670 ## - SOURCE DATA FOUND
- Source citation:
Work cat.: (OSt)150: Pappas, Chris H.and Murray, William H., Visual C++6: The Complete Reference, 1999